Principles and practice of cost accounting (Record no. 89109)

MARC details
000 -LEADER
fixed length control field 00537nam a2200205Ia 4500
008 - FIXED-LENGTH DATA ELEMENTS--GENERAL INFORMATION
fixed length control field 230125s9999 xx 000 0 und d
020 ## - INTERNATIONAL STANDARD BOOK NUMBER
International Standard Book Number 81-85614-52-0
041 ## - LANGUAGE CODE
Language code of text/sound track or separate title eng
082 ## - DEWEY DECIMAL CLASSIFICATION NUMBER
Classification number 657.42
Item number BHA
100 ## - MAIN ENTRY--PERSONAL NAME
Personal name Bhattacharyya A K
9 (RLIN) 112167
245 ## - TITLE STATEMENT
Title Principles and practice of cost accounting
260 ## - PUBLICATION, DISTRIBUTION, ETC. (IMPRINT)
Date of publication, distribution, etc. 1996
Name of publisher, distributor, etc. Wheeler Publishing
Place of publication, distribution, etc. New Delhi
300 ## - PHYSICAL DESCRIPTION
Extent 891p
500 ## - GENERAL NOTE
Keywords Cost accounting
500 ## - GENERAL NOTE
Keywords Costing
650 ## - SUBJECT ADDED ENTRY--TOPICAL TERM
Topical term or geographic name as entry element Accounting
700 ## - ADDED ENTRY--PERSONAL NAME
Personal name Bhattacharyya A K
9 (RLIN) 112167
906 ## - LOCAL DATA ELEMENT F, LDF (RLIN)
b 22
Holdings
Withdrawn status Lost status Damaged status Not for loan Home library Current library Date acquired Vendor Cost, normal purchase price Bill number Total Checkouts Full call number Barcode Date last seen Cost, replacement price Bill Date Koha item type Original Barcode
        Smt. Hiraben Nanavati Institute of Management & Research for Women Smt. Hiraben Nanavati Institute of Management & Research for Women 31/01/1997 Diamond Book 145.00 1719   657.42 BHA B00132 HIMR-BK-132 25/01/2023 123.00 30/01/1997 Books B00132
Withdrawn       Smt. Hiraben Nanavati Institute of Management & Research for Women Smt. Hiraben Nanavati Institute of Management & Research for Women 31/01/1997 Diamond Book 145.00 1719   657.42 BHA B00131 HIMR-BK-131 25/01/2023 123.00 30/01/1997 Books B00131
Withdrawn 2022-23       Smt. Hiraben Nanavati Institute of Management & Research for Women Smt. Hiraben Nanavati Institute of Management & Research for Women 31/01/1997 Pradeep Book Depot 145.00 1719   657.42 BHA B00133 HIMR-BK-133 25/01/2023 123.00 30/01/1997 Books B00133
Withdrawn 2022-23       Smt. Hiraben Nanavati Institute of Management & Research for Women Smt. Hiraben Nanavati Institute of Management & Research for Women 31/01/1997 Pradeep Book Depot 145.00 1719   657.42 BHA B00130 HIMR-BK-130 25/01/2023 123.00 30/01/1997 Books B00130